| 000 | 00569nam a2200157 4500 | ||
|---|---|---|---|
| 999 |
_c5066 _d5066 |
||
| 008 | 150907b xxu||||| |||| 00| 0 eng d | ||
| 020 | _a9780323003902 | ||
| 050 | _aRU 216 .G76 2000 | ||
| 100 | _aGrodner, Michele. | ||
| 245 |
_aFoundations and Clinical Applications Of Nutrition: _bA Nursing Approach/ _cMichele Grodner, Sara Long Anderson and Sandra DeYoung. |
||
| 250 | _a2nd ed. | ||
| 260 |
_aBoston: _b Mosby, _c2000. |
||
| 300 |
_axix, 868 p.: _bill. (some col.); _c26 cm. |
||
| 504 | _aIncludes Index. | ||
| 650 | _aNutrition. | ||
| 650 | _aDiet therapy. | ||
| 650 | _aNursing. | ||
| 700 | _aAnderson, Sara Long. | ||
| 700 | _aDeYoung, Sandra. | ||
| 942 |
_2lcc _cBOOKS _hRU 216 .G76 2000 _01 |
||